00426nam a2200133Ia 4500008004100000020001800041050001500059050001500074245005900089245007400148260001900222260004200241260000900283160319s9999 xx 000 0 und d a9789715420846 a899.210301 b.P552 2008 aPhilippine Short Stories1941-1955 Part I (1941-1949) / cselected and edited with a critical introduction by Leopoldo Y. Yabes aQuezon City :  bUniversity of the Philippines Press,  c2008